000 00426nam a22001217a 4500
003 SGT
082 _a891.4309
_bS99R
100 _aराही, रामचंद्र
245 _aसौम्यमूर्ति : सोमभाई : अभिनंदन ग्रन्थ
260 _bसोमभाई राष्ट्रीय अभिनंदन समिति
_c1999
300 _a245
942 _2ddc
_cBK
999 _c31432
_d31432